[Event "Duesseldorf Nord Cup 8th GrL"]
[Site "Duesseldorf"]
[Date "2008.08.02"]
[Round "3"]
[White "Mauelshagen, Christian"]
[Black "Stermann, Sebastian"]
[Result "0-1"]
[WhiteElo "1322"]
[BlackElo "1452"]
[PlyCount "94"]
[EventDate "2008.08.01"]
[EventType "tourn"]
[EventRounds "5"]
[EventCountry "GER"]
[SourceTitle "EXT 2020"]
[Source "ChessBase"]
[SourceDate "2019.10.17"]
[SourceVersion "1"]
[SourceVersionDate "2019.10.17"]
[SourceQuality "1"]

1. e4 g6 2. d4 Bg7 3. Nc3 d6 4. f4 e5 5. fxe5 dxe5 6. d5 Nf6 7. Nf3 Bg4 8. h3 Bxf3 9. Qxf3 Nbd7 10. Bd3 Nc5 11. Bc4 0-0 12. Be3 Qe7 13. h4 a6 14. g4 Rad8 15. 0-0-0 b5 16. g5 Nh5 17. Be2 b4 18. Nb1 Rb8 19. Bxc5 Qxc5 20. Qd3 Nf4 21. Qc4 Nxe2+ 22. Qxe2 Qa5 23. h5 Qb6 24. Rd3 a5 25. Rdh3 a4 26. hxg6 Qxg6 27. Qh5 Qxe4 28. Qxh7+ Qxh7 29. Rxh7 f5 30. R7h4 f4 31. Nd2 Rbd8 32. Ne4 Rxd5 33. Rf1 Kf7 34. Rh2 Kg6 35. c3 c5 36. Kc2 Rh8 37. Rxh8 Bxh8 38. Rh1 Bg7 39. Rh2 Kf5 40. Re2 Bf8 41. cxb4 cxb4 42. b3 a3 43. Re1 Be7 44. Re2 Bxg5 45. Nxg5 Kxg5 46. Rg2+ Kh4 47. Rg8 e4 0-1